000 00310nam a22001337a 4500
008 180807b xxu||||| |||| 00| 0 eng d
082 _a813.52
245 _aFundamental accounting principlrs
_cFOLK.J.M
260 _c2002
300 _a1
_fCD
440 _x9780072464603
760 _b16 th
942 _2ddc
_cMX
999 _c46923
_d46923